Catálogo
 En Linea

Un canto al profesor Juan Bosch : (Registro nro. 40248)

Detalles MARC
000 -CABECERA
campo de control de longitud fija 00954nam a2200265 a 4500
001 - NÚMERO DE CONTROL
campo de control 000040758
003 - IDENTIFICADOR DEL NÚMERO DE CONTROL
campo de control OSt
005 - FECHA Y HORA DE LA ÚLTIMA TRANSACCIÓN
campo de control 20260321073643.0
008 - DATOS DE LONGITUD FIJA--INFORMACIÓN GENERAL
campo de control de longitud fija 130906s2013 dr ac r 001 pdspa d
020 ## - NÚMERO INTERNACIONAL ESTÁNDAR DEL LIBRO
Número Internacional Estándar del Libro 9789945481426
040 ## - FUENTE DE LA CATALOGACIÓN
Centro catalogador/agencia de origen DO-SdBNP
Lengua de catalogación spa
Centro/agencia transcriptor BNPHU
082 ## - NÚMERO DE LA CLASIFICACIÓN DECIMAL DEWEY
Número de clasificación RD861.44
Número de documento/Ítem R789u
100 1# - ENTRADA PRINCIPAL--NOMBRE DE PERSONA
Nombre de persona Rosario Brito, Ramón Enrique,
Fechas asociadas al nombre 1963-
9 (RLIN) 65438
245 13 - MENCIÓN DE TÍTULO
Título Un canto al profesor Juan Bosch :
Resto del título hacedor de huellas /
Mención de responsabilidad, etc. Ramón Enrique Rosario Brito.
260 ## - PUBLICACIÓN, DISTRIBUCIÓN, ETC.
Lugar de publicación, distribución, etc. Santo Domingo :
Nombre del editor, distribuidor, etc. Centenario SRL,
Fecha de publicación, distribución, etc. 2013.
300 ## - DESCRIPCIÓN FÍSICA
Extensión 69 p. :
Otras características físicas il., retrs. ;
Dimensiones 21 cm.
500 ## - NOTA GENERAL
Nota general Incluye datos biográficos del autor en la portada de la contracubierta
590 ## - NOTA LOCAL (RLIN)
Nota local La biblioteca posee tres ejemplares autografiados por el autor.
590 ## - NOTA LOCAL (RLIN)
Nota local Inventariado, 2020/BT
600 10 - PUNTO DE ACCESO ADICIONAL DE MATERIA--NOMBRE DE PERSONA
Nombre de persona Bosch, Juan,
Fechas asociadas al nombre 1909-2001
9 (RLIN) 76555
650 14 - PUNTO DE ACCESO ADICIONAL DE MATERIA--TÉRMINO DE MATERIA
Término de materia o nombre geográfico como elemento de entrada Poesía dominicana
9 (RLIN) 66
650 10 - PUNTO DE ACCESO ADICIONAL DE MATERIA--TÉRMINO DE MATERIA
Término de materia o nombre geográfico como elemento de entrada Literatura dominicana.
9 (RLIN) 67
910 ## - DATOS DE OPCIÓN DEL USUARIO (OCLC)
Datos de opción del usuario Validado. Control de calidad. EMS
942 ## - ELEMENTOS DE PUNTO DE ACCESO ADICIONAL (KOHA)
Fuente del sistema de clasificación o colocación Dewey Decimal Classification
Tipo de ítem Koha Libro
Existencias
Estado de retiro Estado de pérdida Restricciones de uso No para préstamo Código de colección Localización permanente Ubicación/localización actual Ubicación en estantería Fecha de adquisición Número de inventario Total de préstamos Signatura topográfica completa Código de barras Fecha visto por última vez Número de copia Precio válido a partir de Tipo de ítem Koha Nota pública
        Dominicana de Servicio General General Depósito 06.09.2013 LF1   RD861.44 R789u 40758-30 25.06.2020 e.3 25.06.2020 Libro y Folleto Colección Dominicana de Servicio Dedicado por el autor a la BNPHU
      Excluido de préstamo Patrimonio Dominicano Patrimonio Dominicano Patrimonio Dominicano Depósito 06.09.2013 LF1   RD861.44 R789c 40758-10 25.06.2020   25.06.2020 Libro y Folleto Colección Patrimonio Dominicano Dedicado por el autor a la BNPHU
      Excluido de préstamo Patrimonio Dominicano Patrimonio Dominicano Patrimonio Dominicano Depósito 06.09.2013 LF1   RD861.44 R789u 40758-20 25.06.2020 e.2 25.06.2020 Libro y Folleto Colección Patrimonio Dominicano Dedicado por el autor a la BNPHU

Con tecnología Koha